| 000 | 00802nam a22002417i 4500 | ||
|---|---|---|---|
| 003 | DO-SdBNP | ||
| 005 | 20260410082908.0 | ||
| 007 | ta | ||
| 008 | 110301s1997 dr 000 0 spa d | ||
| 040 |
_aDO-SdBNP _bspa _cBNPHU _erda |
||
| 041 | _aspa | ||
| 082 |
_axxxx _bS194 _222 |
||
| 245 | 0 | 0 |
_aSan Charbel : _bcélebre monje maronita _cpresentación Juan Antonio Flores Santana |
| 264 |
_aSantiago de los Caballeros, República Dominicana : _bArzobispado de Santiago de los Caballeros, _c1997. |
||
| 300 |
_a71 páginas : _c21 cm. |
||
| 336 |
_ardacontent _btexto _2txt |
||
| 337 |
_ardamedia _bsin mediación _2n |
||
| 338 |
_ardacarrier _bvolumen _2nc |
||
| 590 | _aInventariado, 2022/ YL | ||
| 700 | 1 | 2 |
_aFlores Santana, Juan Antonio _epresentación _981450 |
| 910 | _aYLockward | ||
| 942 |
_2ddc _cLBS1 |
||
| 999 |
_c51915 _d51915 |
||